000 00974nam a2200241 i 4500
001 90589
003 ES-MaACL
005 20250809064503.0
007 t|
008 050121s1953 sp ||||1| spa d
100 1 _aLehmann, Heinrich.
_971332
245 1 0 _aDerecho de familia /
_cHeinrich Lehmann ; traducción de la segunda edición alemana, con orientación sobre la legislación española por José Mª Navas.
260 _aMadrid :
_bRevista de Derecho Privado,
_c[1953] (
_fGonzález)
300 _aXXIV, 503 p. ;
_c24 cm.
490 1 _aTratado de derecho civil ;
_v4
490 1 _aSerie C: Grandes tratados generales de derecho privado y público ;
_v38
650 4 _aDerecho de familia-
_zAlemania.
_9168083
700 1 _aNavas, José María.
_985201
830 0 _aTratado de derecho civil ;
_v4
_9231949
830 0 0 _aGrandes tratados generales de derecho privado y público
_v38
_9233176
852 _aES-MaACL
_jE-3351
_bR.35443
999 _c90589
_d90589